000 01762nab a2200241 c 4500
001 64
003 gtuscu
005 20241114095639.0
007 ta
008 241025b1997 gt f||j|r|||| 00| 0spa d
022 _a02529963
040 _agtuscu
_bspa
_cgtuscu
_dgtuscu
_erda
100 1 _aWarren, Kay B.
_eautor
245 1 _aIdentidad indígena en Guatemala una crítica de modelos norteamericanos /
_cKay B. Warren.
264 _aAntigua Guatemala, Guatemala :
_bCentro de Investigaciones Regionales de Mesoamérica y Plumsock Mesoamerican Studies,
_c1997.
300 _apáginas 73-91 :
_b25.5 cm
500 _aNúmero especial: Aspectos étnicos y religiosos.
520 3 _aEn este ensayo se examina las formulaciones notablemente distintas que los antropólogos norteamericanos desarrollaron en los años setenta y ochenta para comprender la identidad y la diversidad cultural indígenas de Mesoamérica. Tras una crítica a estos enfoques, se pasa a analizar perspectivas antropológicas más recientes que destacan como fuentes de crítica y resistencia culturales tanto como el carácter de agentes de las comunidades locales como la importancia de la cultura local. La muestra los contrastes entre las diferentes elecciones que han hecho comunidades indígenas de Perú y de Guatemala al responder con sus propios planes y objetivos al racismo y a los desafíos del cambio social.
546 _aTítulo en Inglés: Indian Identity in Guatemala: A Critique of North American Models.
650 1 4 _aIndígenas
_zGuatemala
773 _aRevista Mesoamérica
_dAntigua Guatemala, Guatemala, Centro de Investigaciones Regionales de Mesoamérica y Plumsock Mesoamerican Studies, 1997.
_gAño 18, número 33
_h340 páginas.
_x02529963
_w45
942 _2ddc
_cANT
_n0
999 _c64
_d64